| 000 | 00834cab a2200229 4500 | ||
|---|---|---|---|
| 001 | WB3514-32 | ||
| 008 | 090401t1999 xxu||||| |||| 00| 0 eng d | ||
| 035 | _a(Sirsi) u92789 | ||
| 041 | _aeng | ||
| 245 | _a£3m for construction school of excellence | ||
| 260 | _c1999 | ||
| 350 | _a0 | ||
| 490 |
_aConstruction News _v(6611) 15 April 1999, 5(1) |
||
| 520 | _aThe Engineering and Physical Sciences Research Council is funding a £3m centre of construction excellence to be based at Loughborough University. | ||
| 650 | _aCENTRES OF EXCELLENCE | ||
| 650 | _aENGINEERING & PHYSICAL SCIENCES RESEARCH COUNCIL | ||
| 650 | _aENGINEERING DOCTORATE CENTRE FOR INNOVATIVE CONSTRUCTION | ||
| 650 | _aLOUGHBOROUGH UNIVERSITY | ||
| 690 | _aMANAGEMENT-BUSINESS MANAGEMENT-PROFESSIONAL PRACTICE | ||
| 942 | _n0 | ||
| 948 | _c16/04/1999 | ||
| 999 |
_c58810 _d58810 |
||